| 000 | 01766nam a2200361 c 4500 | ||
|---|---|---|---|
| 003 | BLK | ||
| 005 | 20200127152017.0 | ||
| 008 | 180409b bul|||||r ||||||| ||bul|| | ||
| 010 | _aKNG00102725000 | ||
| 040 | _aBLK | ||
| 041 |
_aBUL _cBUL |
||
| 080 |
_aЕкология. Етология. Животни и окръжаваща среда. Биономия - Отношение към пространството(жилища, ареал за разпространение), аклиматизация към местата за живеене, плътност на популациите, хранене _b591.5 _x _z591.5 |
||
| 100 | 1 |
_aЙосифов, Михаил _eпърви автор _9283234 |
|
| 139 |
_aЙосифов, Михаил _bИ 84 |
||
| 245 | 1 | 0 |
_aКакво знаем за формите и багрите в животинския свят _bНауч.-худож. кн. за деца _cМихаил Йосифов. |
| 257 | _aBGR | ||
| 260 |
_аСофия _bОтечество _c1984 _fСофия : Балкан |
||
| 380 | _a5 | ||
| 490 | 1 | _aКакво знаем за ... : Научнопопул. поредица за живата и неживата природа | |
| 490 | 1 |
_3Подсерия _aСер. Биология |
|
| 500 | _aОфс. изд. - 40 115 тир. | ||
| 650 | 4 |
_aЖивотни - детска и юношеска литература _9259259 |
|
| 653 | _aживотни | ||
| 653 | _aдетска литература | ||
| 653 | _aлитература за деца | ||
| 653 | _aформи | ||
| 653 | _aокраска | ||
| 852 | _aЦб ІІ 6840 | ||
| 856 | 4 |
_qpdf _u |
|
| 856 | 4 |
_qpdf _u |
|
| 942 |
_cKNG _n0 _01 |
||
| 944 |
_aCR _c01.01.1999 _kНаталия_Медовщикова |
||
| 944 |
_aED _c27.06.2016 _kНора_Радева |
||
| 999 |
_c97810 _d97810 |
||